Science Quiz

Random Science or Animal Quiz

Snakes! Quiz Stats

 Plays Quiz Updated Dec 22, 2011

Also try: Sharks!
Challenge
Share
Tweet
Embed
Score 0/26 Timer 06:00
0 Plays Today
Vowels Snakes! % Correct
A_a_o__aAnaconda
84.8%
_o__aCobra
75.6%
_oa _o____i__o_Boa Constrictor
72.4%
_a___e__a_eRattlesnake
65.5%
_y__o_Python
61.7%
A__Asp
55.3%
_i_e_Viper
49.3%
A__e_Adder
37.5%
_a__aMamba
34.2%
_a__e_ __a_eGarter Snake
30.7%
_o_a_ __a_eCoral Snake
29.6%
_i__ __a_eKing Snake or Milk Snake
29%
_o__e__ea_Copperhead
27.5%
Vowels Snakes! % Correct
_uee_ __a_eQueen Snake
26.7%
_ea __a_eSea Snake
24.8%
_ia_o___a__Diamondback
23.3%
__ee_ __a_eGreen Snake
20.7%
__ee __a_eTree Snake
20.3%
_a_ __a_eRat Snake
19.7%
_o__ __a_eCorn Snake
17.8%
_a_e_ _o__a_i_Water Moccasin
17.4%
_i_e_i__e_Sidewinder
16.8%
_ai_a_Taipan
11.7%
_oo___a__Boomslang
9%
_e_-_e-_a__eFer-de-Lance
7.4%
__ai_Krait
6.6%

You're not logged in!

Compare scores with friends on all Sporcle quizzes.
Join for Free
OR
Log In

You Might Also Like...

Show Comments

Extras

Top Quizzes Today


Score Distribution

Your Account Isn't Verified!

In order to create a playlist on Sporcle, you need to verify the email address you used during registration. Go to your Sporcle Settings to finish the process.

Report this User

Report this user for behavior that violates our Community Guidelines.

Details: